Esperanto word list - Statistics

General Stats
  • This quiz has been taken 81 times
  • The average score is 17 of 35
Answer Stats
English Esperanto % Correct
I mi
94%
you (singular) vi
90%
two du
85%
dog hundo
85%
one unu
75%
who kiu
72%
fish fiŝo
66%
what kio
66%
sun suno
65%
name nomo
61%
water akvo
59%
moon luno
58%
new nova
58%
egg ovo
55%
salt salo
52%
year jaro
51%
tooth dento
49%
hand mano
48%
to know scii
45%
eye okulo
44%
blood sango
42%
to give doni
39%
full plena
39%
to die morti
38%
wind vento
37%
this ĉi tio
32%
stone ŝtono
32%
nose nazo
30%
fire fajro
28%
tongue lango
25%
tail vosto
20%
horn korno
18%
ear orelo
18%
bone osto
17%
louse pediko
8%
No matching quizzes found
Score Distribution
Percent of People with Each Score
Percentile by Number Answered
Your Score History
You have not taken this quiz